Harrod's librarians' glossary of terms used in librarianship, documentation and the book crafts and reference book / (Record no. 78126)

MARC details
000 -LEADER
campo de control de longitud fija 00863nam a2200241 i 4500
001 - NÚMERO DE CONTROL
campo de control 78126
003 - IDENTIFICADOR DE NÚMERO DE CONTROL
campo de control ES-MaACL
005 - FECHA Y HORA DE LA ÚLTIMA TRANSACCIÓN
campo de control 20230906173543.0
007 - CAMPO FIJO DE DESCRIPCIÓN FÍSICA--INFORMACIÓN GENERAL
campo de control de longitud fija t|
008 - DATOS DE LONGITUD FIJA--INFORMACIÓN GENERAL
campo de control de longitud fija 041011s1984 xxk ||||1| eng d
020 ## - NÚMERO INTERNACIONAL ESTÁNDAR DEL LIBRO
Número Internacional Estándar del Libro 0-566-03460-3
100 1# - ENTRADA PRINCIPAL--NOMBRE DE PERSONA
Nombre de persona Harrod, Leonard Montague.
9 (RLIN) 61947
245 10 - MENCIÓN DEL TÍTULO
Título Harrod's librarians' glossary of terms used in librarianship, documentation and the book crafts and reference book /
Mención de responsabilidad, etc. Leonard Montague Harrod.
250 ## - MENCION DE EDICION
Mención de edición 5th ed. rev. and upd
Resto de la mención de edición by Ray Prytherch.
260 ## - PUBLICACIÓN, DISTRIBUCIÓN, ETC.
Lugar de publicación, distribución, etc. Hampshire :
Nombre del editor, distribuidor, etc. Gower,
Fecha de publicación, distribución, etc. 1984.
300 ## - DESCRIPCIÓN FÍSICA
Extensión XI, 861 p. ;
Dimensiones 22 cm.
650 04 - PUNTO DE ACCESO ADICIONAL DE MATERIA--TÉRMINO DE MATERIA
Término de materia o nombre geográfico como elemento de entrada Biblioteconomía-
Subdivisión de forma Diccionarios.
9 (RLIN) 10555
650 #4 - PUNTO DE ACCESO ADICIONAL DE MATERIA--TÉRMINO DE MATERIA
Término de materia o nombre geográfico como elemento de entrada Edición-
Subdivisión de forma Diccionarios.
9 (RLIN) 12051
650 04 - PUNTO DE ACCESO ADICIONAL DE MATERIA--TÉRMINO DE MATERIA
Término de materia o nombre geográfico como elemento de entrada Archivística-
Subdivisión de forma Diccionarios.
9 (RLIN) 9950
650 04 - PUNTO DE ACCESO ADICIONAL DE MATERIA--TÉRMINO DE MATERIA
Término de materia o nombre geográfico como elemento de entrada Documentación-
Subdivisión de forma Diccionarios.
9 (RLIN) 11961
700 1# - ENTRADA AGREGADA--NOMBRE PERSONAL
Nombre de persona Prytherch, Ray.
9 (RLIN) 94095
852 ## - LOCALIZACIÓN
Ubicación ES-MaACL
Número de control de estantería L-8170
Sublocalización o colección R.108628
Holdings
Estatus retirado Estado de pérdida Fuente del sistema de clasificación o colocación Estado de daño No para préstamo Colección Biblioteca de origen Biblioteca actual Ubicación en estantería Fecha de adquisición Total de préstamos Signatura topográfica completa Código de barras Visto por última vez Precio de reemplazo Tipo de ítem Koha
    Clasificación decimal universal     Biblioteca profesional Biblioteca del Ateneo de Madrid Biblioteca del Ateneo de Madrid Depósito 2 17/01/2008   L-8170 1081729 23/02/2023 23/02/2023 Libro impreso